[Event "Gibraltar Masters 2020"]
[Site "Caleta ENG"]
[Date "2020.01.28"]
[Round "8.113"]
[White "Seewi, Joram"]
[Black "Herzwurm, Robert"]
[Result "1/2-1/2"]
[WhiteElo "2109"]
[BlackElo "1979"]
[WhiteFideId "16260350"]
[BlackFideId "4668570"]
[EventDate "2020.01.21"]

1. d4 Nf6 2. Nf3 g6 3. c4 Bg7 4. Nc3 O-O 5. e4 d6 6. Be2 e5 7. dxe5 dxe5 8. O-O
Nc6 9. h3 h6 10. Be3 Be6 11. b4 Kh7 12. Qa4 Qc8 13. Kh2 Nh5 14. Rfd1 f5 15. b5
Ne7 16. Bc5 Rf7 17. exf5 Bxf5 18. Bxe7 Rxe7 19. Nd5 Rf7 20. g4 Bxg4 21. hxg4
Qxg4 22. Rg1 Qe4 23. Rae1 Rxf3 24. Bxf3 Qxf3 25. Qc2 Nf4 26. Nxf4 Qxf4+ 27. Rg3
Qh4+ 28. Kg2 Qf6 29. Rd1 Rf8 30. Rd7 Rf7 31. Rxf7 Qxf7 32. Qe4 b6 33. Ra3 Qe7
34. Rxa7 Qg5+ 35. Kf3 Qh5+ 36. Ke3 Qd1 37. f3 Qe1+ 38. Kd3 Qd1+ 39. Kc3 Qc1+ 40.
Kb3 Qd1+ 41. Kc3 Qc1+ 42. Kb3 Qd1+ 1/2-1/2

[Event "Gibraltar Masters 2020"]
[Site "Caleta ENG"]
[Date "2020.01.28"]
[Round "8.114"]
[White "Adewole, Adeyinka"]
[Black "Bengherabi, Khalil"]
[Result "0-1"]
[BlackTitle "FM"]
[WhiteElo "1941"]
[BlackElo "2106"]
[WhiteFideId "8502544"]
[BlackFideId "7900325"]
[EventDate "2020.01.21"]

1. e4 c5 2. Nc3 Nc6 3. f4 d6 4. Bc4 g6 5. Nf3 Bg7 6. d3 e6 7. a3 Nge7 8. O-O O-O
9. Ba2 Rb8 10. g4 Nd4 11. Ng5 h6 12. Nh3 Kh7 13. Ne2 Nxe2+ 14. Qxe2 f5 15. gxf5
exf5 16. Qf3 Nc6 17. Ng5+ Kh8 18. Nf7+ Rxf7 19. Bxf7 Nd4 20. Qg2 fxe4 21. dxe4
Qh4 22. Rf2 Nxc2 23. Rxc2 Qe1+ 24. Qf1 Bd4+ 25. Be3 Qxe3+ 26. Kh1 Bg4 27. Bd5
Bf3+ 28. Rg2 Rf8 29. Qc1 Bxg2+ 0-1

[Event "Gibraltar Masters 2020"]
[Site "Caleta ENG"]
[Date "2020.01.28"]
[Round "8.115"]
[White "Gonzalez Gonzalez, Alfonso"]
[Black "Teh, Wee Zhun"]
[Result "1-0"]
[WhiteElo "2100"]
[BlackElo "1857"]
[WhiteFideId "2223007"]
[BlackFideId "5707277"]
[EventDate "2020.01.21"]

1. d4 d5 2. Bg5 f6 3. Bd2 e5 4. c4 exd4 5. e3 dxe3 6. fxe3 Nc6 7. Qh5+ g6 8.
Qxd5 Bf5 9. Nf3 Nge7 10. Qb5 Bh6 11. Nc3 O-O 12. O-O-O a6 13. Qb3 Be6 14. e4
Bxd2+ 15. Rxd2 Qc8 16. Nd5 Rf7 17. Qc3 Bxd5 18. cxd5 Nd8 19. Bc4 Kg7 20. e5 fxe5
21. Qxe5+ Kh6 22. Qg5+ Kg7 23. Ne5 h6 24. Qg3 Rf6 25. Ng4 Rf5 26. Qc3+ Kh7 27.
Nf6+ 1-0

[Event "Gibraltar Masters 2020"]
[Site "Caleta ENG"]
[Date "2020.01.28"]
[Round "8.116"]
[White "Rudzinska, Michalina"]
[Black "George, Lolomari Erekosima"]
[Result "1-0"]
[WhiteTitle "WFM"]
[BlackTitle "CM"]
[WhiteElo "2005"]
[BlackElo "2053"]
[WhiteFideId "1172883"]
[BlackFideId "8501076"]
[EventDate "2020.01.21"]

1. e4 c6 2. d4 d5 3. Nc3 dxe4 4. Nxe4 Bf5 5. Ng3 Bg6 6. Bc4 e6 7. N1e2 Bd6 8.
Nf4 Bxf4 9. Bxf4 Nf6 10. O-O Nbd7 11. Bb3 O-O 12. Qf3 a5 13. a4 Re8 14. h4 h6
15. h5 Bh7 16. Rad1 Qb6 17. Rfe1 Rac8 18. Nf1 c5 19. dxc5 Nxc5 20. Be5 Ncd7 21.
Bc3 Qc6 22. Qe2 b6 23. Ne3 Ne4 24. Nc4 Rcd8 25. Qf3 Ndc5 26. Bd4 Qc7 27. Qe3 Rd5
28. f3 Rxh5 29. Be5 Qe7 30. fxe4 Qh4 31. Qg3 Qh1+ 32. Kf2 Nxe4+ 33. Rxe4 Qxd1
34. Qxg7# 1-0

[Event "Gibraltar Masters 2020"]
[Site "Caleta ENG"]
[Date "2020.01.28"]
[Round "8.117"]
[White "Wilson, Matthew R"]
[Black "Giacomini, Hector"]
[Result "0-1"]
[WhiteElo "1837"]
[BlackElo "2161"]
[WhiteFideId "423459"]
[BlackFideId "605352"]
[EventDate "2020.01.21"]

1. e4 c6 2. d4 d5 3. exd5 cxd5 4. Bd3 Nc6 5. c3 Qc7 6. Ne2 Bg4 7. O-O Nf6 8. f3
Bd7 9. Bf4 e5 10. dxe5 Nxe5 11. Nd4 Bd6 12. Bb5 O-O 13. Na3 Rfe8 14. Bxd7 Qxd7
15. Nac2 Nh5 16. Bxe5 Bxe5 17. Qd2 Qd6 18. g3 Qg6 19. Qg2 Rad8 20. Rad1 Qb6 21.
f4 Bc7 22. Nb4 Nf6 23. Rfe1 Qc5 24. Nd3 Qc4 25. Nb4 a5 26. Rxe8+ Rxe8 27. Nbc2
Qxa2 28. b3 Bb6 29. Ra1 Qxb3 30. Ra3 Bxd4+ 31. Nxd4 Qb1+ 0-1

[Event "Gibraltar Masters 2020"]
[Site "Caleta ENG"]
[Date "2020.01.28"]
[Round "8.118"]
[White "Gravett, Alan D"]
[Black "Johnsen, Sylvia"]
[Result "1-0"]
[BlackTitle "WFM"]
[WhiteElo "1824"]
[BlackElo "1902"]
[WhiteFideId "406171"]
[BlackFideId "1500988"]
[EventDate "2020.01.21"]

1. g3 c5 2. Nf3 Nc6 3. Bg2 Nf6 4. O-O e5 5. d3 d5 6. a3 Be7 7. b3 O-O 8. Bb2 d4
9. Nbd2 Bf5 10. c3 a5 11. cxd4 exd4 12. Rb1 Nd5 13. Qc2 Be6 14. Rfc1 f5 15. Nf1
f4 16. Qd2 Qd7 17. Qe1 Bg4 18. N1d2 Qe6 19. Ne4 b6 20. Neg5 Qd7 21. Rc2 Rae8 22.
Rbc1 fxg3 23. hxg3 Bf6 24. Ne4 Bd8 25. Rc4 Nf6 26. Nxf6+ Rxf6 27. Qd1 Rfe6 28.
Nxd4 Nxd4 29. Bxd4 Bxe2 30. Qd2 Rh6 31. Be3 Qxd3 32. Bd5+ Rhe6 33. Re4 Qxd2 34.
Bxd2 Bg4 1-0

[Event "Gibraltar Masters 2020"]
[Site "Caleta ENG"]
[Date "2020.01.28"]
[Round "8.119"]
[White "Huguet, Sergio"]
[Black "Roman Lopez, Jesus"]
[Result "1-0"]
[WhiteTitle "FM"]
[WhiteElo "2055"]
[BlackElo "1973"]
[WhiteFideId "2212552"]
[BlackFideId "2291673"]
[EventDate "2020.01.21"]

1. c4 c5 2. g3 Nf6 3. Bg2 d5 4. cxd5 Nxd5 5. Nc3 Nc7 6. Qa4+ Bd7 7. Qb3 Nc6 8.
Qxb7 Rb8 9. Qxc6 e5 10. Qe4 Bd6 11. Qc2 Ne6 12. e3 O-O 13. Nge2 Qc8 14. O-O Ng5
15. Ne4 Nh3+ 16. Bxh3 Bxh3 17. Nxd6 Qc6 18. Qe4 Qxd6 19. Re1 f5 20. Qc4+ Kh8 21.
d4 cxd4 22. exd4 Rb4 23. dxe5 Qb8 24. Qc6 Rc8 25. Qf3 Bg4 26. Qg2 Qxe5 27. Bd2
Re4 28. f3 Bh3 29. Qf2 1-0

[Event "Gibraltar Masters 2020"]
[Site "Caleta ENG"]
[Date "2020.01.28"]
[Round "8.120"]
[White "Guerra Reig, Juan"]
[Black "Sagar, Siya"]
[Result "1-0"]
[WhiteElo "1998"]
[BlackElo "1740"]
[WhiteFideId "2224801"]
[BlackFideId "25098160"]
[EventDate "2020.01.21"]

1. c4 Nf6 2. Nc3 d5 3. cxd5 Nxd5 4. g3 e5 5. Bg2 Ne7 6. d3 g6 7. Bg5 Bg7 8. Nd5
Nbc6 9. Rc1 O-O 10. Rxc6 bxc6 11. Nxe7+ Kh8 12. Nxg6+ 1-0

[Event "Gibraltar Masters 2020"]
[Site "Caleta ENG"]
[Date "2020.01.29"]
[Round "9.6"]
[White "Vachier-Lagrave, Maxime"]
[Black "Can, Emre"]
[Result "1-0"]
[WhiteTitle "GM"]
[BlackTitle "GM"]
[WhiteElo "2770"]
[BlackElo "2600"]
[WhiteFideId "623539"]
[BlackFideId "6302181"]
[EventDate "2020.01.21"]

1. e4 c5 2. Nf3 d6 3. Bb5+ Nd7 4. a4 Nf6 5. Nc3 a6 6. Be2 b6 7. d4 cxd4 8. Qxd4
Bb7 9. O-O e6 10. Nd2 d5 11. exd5 Bc5 12. Qh4 Nxd5 13. Qxd8+ Rxd8 14. Nxd5 exd5
15. Nb3 O-O 16. Bf4 Rfe8 17. Rfe1 Nf8 18. a5 Ne6 19. axb6 Bxb6 20. Bd2 Nd4 21.
Nxd4 Bxd4 22. Bd3 Re6 23. Ra4 Bf6 24. Rb4 Bc8 25. Ra1 g6 26. Kf1 Rc6 27. Ke2 Be7
28. Rba4 Bf6 29. R1a2 Rdd6 30. Kd1 Rb6 31. b3 Kg7 32. g4 h6 33. h3 Rbc6 34. Bf4
Re6 35. Be3 Be5 36. Bd4 f6 37. Rb4 Bd6 38. Rb6 Rxb6 39. Bxb6 Be5 40. Be3 d4 41.
Bd2 Bb7 42. f4 Bc7 43. Ra4 Rd6 44. h4 Bc8 45. f5 Bd7 46. Rb4 Bb6 47. Bf4 a5 48.
Bxd6 axb4 49. Bxb4 h5 50. gxh5 gxf5 51. Bd6 Kh6 52. Be2 Bc6 53. b4 Be4 54. Bf4+
Kh7 55. Kc1 Bd8 56. Kb2 Be7 57. Kb3 Bf8 58. Bd3 1-0

[Event "Gibraltar Masters 2020"]
[Site "Caleta ENG"]
[Date "2020.01.29"]
[Round "9.18"]
[White "Durarbayli, Vasif"]
[Black "Werle, Jan"]
[Result "0-1"]
[WhiteTitle "GM"]
[BlackTitle "GM"]
[WhiteElo "2625"]
[BlackElo "2545"]
[WhiteFideId "13402935"]
[BlackFideId "1006088"]
[EventDate "2020.01.21"]

1. d4 Nf6 2. c4 e6 3. Nc3 Bb4 4. f3 c5 5. d5 d6 6. e4 O-O 7. Ne2 Re8 8. Nf4 e5
9. Ne2 Nbd7 10. g4 b5 11. Ng3 Nb6 12. cxb5 a6 13. Bg5 h6 14. Bd2 c4 15. bxa6 Nh7
16. h4 Rxa6 17. Qc1 Bd7 18. Be2 Qe7 19. g5 Ra7 20. gxh6 g6 21. h5 Kh8 22. Be3
Rb7 23. Kf2 Rc8 24. Rb1 Bc5 25. Bxc5 Rxc5 26. hxg6 fxg6 27. Nf1 Rc8 28. Ne3 Ng5
29. Qc2 Nh3+ 30. Ke1 Qg5 31. Kd2 Ra7 32. a3 Rb7 33. a4 Nxa4 34. Nxa4 Bxa4 35.
Qxa4 Rxb2+ 36. Rxb2 c3+ 37. Ke1 Qh4+ 38. Kd1 Nf2+ 39. Kc2 cxb2+ 40. Kxb2 Qxh1
41. Bc4 Qxh6 42. Nf1 Nd1+ 43. Qxd1 Rxc4 44. Kb3 Rc7 45. Kb2 Qf8 46. Nd2 Qb8+ 47.
Nb3 Qb4 48. Qd2 Qxd2+ 49. Nxd2 Kg7 50. Kb3 Kf6 51. Nc4 Ke7 52. Kc3 Ra7 53. Kd3
Ra4 54. Kc3 Ra6 55. Kd3 Kf6 56. Ke2 Kg5 57. Ke3 Kh4 58. f4 exf4+ 59. Kxf4 g5+
60. Kf5 g4 61. e5 g3 62. Ne3 Kh3 63. e6 Ra3 64. Nc4 Ra8 65. Ne3 Rf8+ 66. Ke4 g2 0-1

[Event "Gibraltar Masters 2020"]
[Site "Caleta ENG"]
[Date "2020.01.29"]
[Round "9.23"]
[White "Moussard, Jules"]
[Black "Henderson de La Fuente, Lance"]
[Result "1-0"]
[WhiteTitle "GM"]
[BlackTitle "GM"]
[WhiteElo "2600"]
[BlackElo "2492"]
[WhiteFideId "642908"]
[BlackFideId "32096585"]
[EventDate "2020.01.21"]

1. e4 e6 2. d4 d5 3. Nc3 Bb4 4. Ne2 Nf6 5. exd5 exd5 6. a3 Be7 7. Ng3 O-O 8. Bd3
Bg4 9. Nce2 Bxe2 10. Bxe2 Re8 11. O-O g6 12. Bd3 Nbd7 13. c3 c6 14. Bf4 Nf8 15.
Qd2 Bd6 16. Bxd6 Qxd6 17. f4 h6 18. h4 h5 19. Rae1 c5 20. Be2 cxd4 21. Qxd4 Ne4
22. Nxe4 Rxe4 23. Qf2 Rae8 24. Bf3 Rxe1 25. Rxe1 Rxe1+ 26. Qxe1 d4 27. g3 dxc3
28. Qxc3 b6 29. Kf2 a5 30. Ke3 Ne6 31. Qe5 Qxe5+ 32. fxe5 Kf8 33. Bd5 Nc7 34.
Bc4 Ke7 35. Kd4 Kf8 36. Ke4 Ke7 37. Kd4 Kf8 38. e6 f6 39. Bd3 g5 40. Bg6 gxh4
41. gxh4 Nxe6+ 42. Kc4 Nc7 43. Bxh5 Kg7 44. Kd4 Ne6+ 45. Kc4 Nc7 46. Bf3 f5 47.
Kd4 Kf6 48. h5 Ne6+ 49. Kd5 b5 50. b3 f4 51. Bg4 Ng5 52. Kd4 Nf7 53. Be2 b4 54.
a4 Ng5 55. Bg4 Kg7 56. Kc4 Ne4 57. Kb5 Nd2 58. Kxa5 Nxb3+ 59. Kxb4 Nd4 60. Kc4
Nc6 61. Kd5 Na5 62. Ke4 Kh6 63. Kxf4 Nb3 64. Bf3 Na5 65. Ke5 1-0

[Event "Gibraltar Masters 2020"]
[Site "Caleta ENG"]
[Date "2020.01.29"]
[Round "9.27"]
[White "Peralta, Fernando"]
[Black "Buckels, Valentin"]
[Result "1-0"]
[WhiteTitle "GM"]
[BlackTitle "IM"]
[WhiteElo "2574"]
[BlackElo "2459"]
[WhiteFideId "105309"]
[BlackFideId "12942766"]
[EventDate "2020.01.21"]

1. d4 Nf6 2. c4 e6 3. Nc3 Bb4 4. e3 b6 5. Ne2 Ne4 6. Bd2 Nxd2 7. Qxd2 O-O 8. a3
Be7 9. g3 Ba6 10. b3 Nc6 11. Bg2 Na5 12. Qc2 c6 13. c5 bxc5 14. dxc5 f5 15. O-O
Bf6 16. Rfe1 Rb8 17. b4 Nc4 18. Red1 Ne5 19. Rab1 Qe8 20. Nd4 Qh5 21. b5 cxb5
22. Ncxb5 Bb7 23. c6 dxc6 24. Nd6 c5 25. Qxc5 Bxg2 26. Kxg2 Rb2 27. Rxb2 Qxd1
28. Qc2 Qxc2 29. Rxc2 Be7 30. N6b5 a6 31. Nc7 Rc8 32. a4 Nd3 33. Rc3 Nb2 34. Rb3
Rxc7 35. Rxb2 Bf6 36. Nxe6 Rc4 37. Rb6 a5 38. Rb5 Rxa4 39. Rxf5 Ra1 40. g4 h6
41. f4 Ra2+ 42. Kf3 Kf7 43. Nc7 Rc2 44. Nd5 Rxh2 45. g5 hxg5 46. fxg5 Rh5 47.
Nxf6 gxf6 48. Rxf6+ Ke7 49. Kg4 Rh1 50. Ra6 Ra1 51. Kf5 a4 52. Ra7+ Kd6 53. g6
a3 54. g7 Rf1+ 55. Kg6 Rg1+ 56. Kf7 Rf1+ 57. Ke8 Rg1 58. Kf8 Rf1+ 59. Kg8 Ra1
60. Kh7 Rh1+ 61. Kg8 Ra1 62. Ra6+ Ke7 63. Rh6 a2 64. Rh2 Ke8 65. Kh7 Rg1 66.
Rxa2 Rh1+ 67. Kg6 1-0

[Event "Gibraltar Masters 2020"]
[Site "Caleta ENG"]
[Date "2020.01.29"]
[Round "9.43"]
[White "Petrov, Martin"]
[Black "Salimova, Nurgyul"]
[Result "1/2-1/2"]
[WhiteTitle "IM"]
[BlackTitle "IM"]
[WhiteElo "2504"]
[BlackElo "2372"]
[WhiteFideId "2911086"]
[BlackFideId "2915138"]
[EventDate "2020.01.21"]

1. e4 e6 2. d4 d5 3. Nc3 Bb4 4. exd5 exd5 5. Bd3 Nf6 6. Bg5 O-O 7. Ne2 c6 8. O-O
h6 9. Bh4 Nbd7 10. Qc1 Re8 11. Ng3 Nf8 12. Nh5 Be7 13. Nxf6+ Bxf6 14. Bxf6 Qxf6
15. Qd2 Bg4 16. h3 Bd7 17. Ne2 Bf5 18. Bxf5 Qxf5 19. Ng3 Qd7 20. Rae1 Rxe1 21.
Rxe1 Re8 22. c3 Ng6 23. Rxe8+ Qxe8 24. Qe3 Qe6 25. Kf1 Kf8 26. Qf3 Nh4 27. Qg4
g5 28. Qxe6 fxe6 29. Ne2 Ng6 30. g3 1/2-1/2

[Event "Gibraltar Masters 2020"]
[Site "Caleta ENG"]
[Date "2020.01.29"]
[Round "9.46"]
[White "Lombaers, Peter"]
[Black "Di Berardino, Diego Rafael"]
[Result "0-1"]
[WhiteTitle "FM"]
[BlackTitle "IM"]
[WhiteElo "2383"]
[BlackElo "2478"]
[WhiteFideId "1032852"]
[BlackFideId "2105446"]
[EventDate "2020.01.21"]

1. d4 Nf6 2. c4 e6 3. Nc3 Bb4 4. e3 O-O 5. Bd3 b6 6. Ne2 d5 7. cxd5 exd5 8. O-O
Ba6 9. Bxa6 Nxa6 10. a3 Bd6 11. b4 c5 12. bxc5 bxc5 13. dxc5 Nxc5 14. a4 Re8 15.
Ba3 Rc8 16. Bxc5 Rxc5 17. Nb5 Bb8 18. Rc1 Rxc1 19. Qxc1 Qd7 20. Ned4 a6 21. Na3
Qxa4 22. Nac2 Be5 23. g3 g6 24. Qa1 Qc4 25. Qa3 Ne4 26. Ra1 Rb8 27. Qxa6 Rb2 28.
Kg2 Rxc2 29. Nxc2 Qxc2 30. Ra2 Bb2 31. Qf1 Kg7 32. h4 h5 33. Qe1 Nc3 34. Ra5
Qe4+ 35. f3 Qd3 36. Ra7 Nd1 37. e4 Bc3 38. Qh1 Qe2+ 39. Kh3 Nf2+ 0-1

[Event "Gibraltar Masters 2020"]
[Site "Caleta ENG"]
[Date "2020.01.29"]
[Round "9.58"]
[White "Melia, Salome"]
[Black "Bilguun, Sumiya"]
[Result "1/2-1/2"]
[WhiteTitle "IM"]
[BlackTitle "IM"]
[WhiteElo "2368"]
[BlackElo "2486"]
[WhiteFideId "13602446"]
[BlackFideId "4901541"]
[EventDate "2020.01.21"]

1. e4 c5 2. Nf3 e6 3. d4 cxd4 4. Nxd4 a6 5. c4 Nf6 6. Nc3 Qc7 7. a3 b6 8. Be2
Bb7 9. f3 d6 10. Be3 Nbd7 11. O-O Be7 12. Qd2 O-O 13. b4 Rfc8 14. Rac1 Qd8 15.
Rfd1 Ne5 16. Qa2 Nfd7 17. f4 Nc6 18. Nf3 Qf8 19. f5 Nd8 20. fxe6 Nxe6 21. Nd5
Bd8 22. Nd4 Nxd4 23. Bxd4 Bg5 24. Rc3 Bxd5 25. exd5 Bf6 26. Qd2 Bxd4+ 27. Qxd4
Re8 28. Bg4 f5 29. Rf1 Re5 30. Rg3 Qf6 31. Bd1 Rf8 32. Ba4 Re7 33. Qxf6 Nxf6 34.
h3 Ne4 35. Rd3 a5 36. Bc6 axb4 37. axb4 Ra7 38. Rdd1 g6 39. Ra1 Rff7 40. Rfd1
Kg7 41. Rac1 Ra3 42. c5 bxc5 43. b5 Rb3 44. Rb1 c4 45. b6 Nc5 46. Rxb3 cxb3 47.
Rd4 b2 48. Rd1 Re7 49. Rb1 Re2 50. b7 Nxb7 51. Bxb7 Rc2 52. Kh2 f4 53. Ba6 f3
54. Bf1 Rc1 55. Rxb2 Rxf1 56. Rb7+ Kf6 57. Rxh7 fxg2 58. Kxg2 Rf5 59. Rd7 Ke5
60. Kg3 Kxd5 61. Kg4 Ke6 62. Rg7 Rf6 63. h4 d5 64. Kg5 d4 65. Ra7 Rf1 66. Kxg6
Rg1+ 67. Kh6 d3 68. Ra2 Rg4 69. h5 Rd4 70. Rd2 Kf6 71. Rf2+ Ke5 72. Rd2 Kf4 73.
Rf2+ Ke3 74. Rf1 d2 75. Kg6 Rg4+ 76. Kh7 Rf4 77. Rd1 Ke2 78. Rxd2+ Kxd2 79. h6
Ke3 80. Kg7 Rg4+ 81. Kf6 Rh4 82. Kg7 Rxh6 83. Kxh6 1/2-1/2

[Event "Gibraltar Masters 2020"]
[Site "Caleta ENG"]
[Date "2020.01.29"]
[Round "9.59"]
[White "Abergel, Thal"]
[Black "Mieles Palau, Daniel"]
[Result "0-1"]
[WhiteTitle "GM"]
[BlackTitle "IM"]
[WhiteElo "2478"]
[BlackElo "2374"]
[WhiteFideId "614890"]
[BlackFideId "3600467"]
[EventDate "2020.01.21"]

1. e4 c5 2. Nf3 Nc6 3. Bb5 g6 4. O-O Bg7 5. c3 e5 6. d4 exd4 7. cxd4 cxd4 8. e5
Nge7 9. Nbd2 d6 10. exd6 Qxd6 11. Ne4 Qd5 12. Bxc6+ Nxc6 13. Nc3 Qc4 14. Nd2 Qd3
15. Re1+ Be6 16. Nd5 O-O 17. Nf4 Qf5 18. Nxe6 fxe6 19. Ne4 Qd5 20. f3 d3 21. Be3
Nb4 22. Rc1 Nc2 23. Rxc2 dxc2 24. Qxc2 Qxa2 25. Re2 Rac8 26. Qd1 Rfd8 27. Qe1
Qc4 28. h4 Rd5 29. Kh2 Be5+ 30. Kh3 Rcd8 31. Qf2 Rd1 32. Re1 Rxe1 33. Qxe1 Bxb2
34. Qa5 Rd1 35. Qxa7 Rh1+ 36. Kg3 Be5+ 37. Kg4 h5+ 38. Kg5 Qc7 39. Qa8+ Kg7 40.
Qe8 Bf6+ 0-1

[Event "Gibraltar Masters 2020"]
[Site "Caleta ENG"]
[Date "2020.01.29"]
[Round "9.60"]
[White "Girya, Olga"]
[Black "Ioannidis, Evgenios"]
[Result "1/2-1/2"]
[WhiteTitle "WGM"]
[BlackTitle "IM"]
[WhiteElo "2477"]
[BlackElo "2373"]
[WhiteFideId "4195752"]
[BlackFideId "4229274"]
[EventDate "2020.01.21"]

1. d4 Nf6 2. c4 g6 3. Nc3 c5 4. d5 d6 5. e4 Bg7 6. Nf3 O-O 7. Be2 e6 8. dxe6
fxe6 9. e5 dxe5 10. Qxd8 Rxd8 11. Nxe5 Nd5 12. cxd5 Bxe5 13. Bg5 Bxc3+ 14. bxc3
Rxd5 15. Be3 Nc6 16. O-O Ne5 17. c4 Rd7 18. Rfd1 Nf7 19. Bxc5 Rc7 20. Be3 b6 21.
c5 bxc5 22. Rac1 Rb8 23. Bxc5 Rb2 24. Bd4 Rbc2 25. Be3 Bb7 26. a4 Bd5 27. a5 Ne5
28. Rxc2 Rxc2 29. Bf1 Ra2 30. Bf4 Nc4 31. Rc1 Nxa5 32. Rc8+ Kf7 33. Rc7+ Kf6 34.
Rxa7 Nc6 35. Rxa2 Bxa2 36. h4 Bb1 37. Bg5+ Kf7 38. f3 Ne5 39. Bf4 Kf6 40. Kh2
Bc2 41. Be2 Nf7 42. Bd2 Nd6 43. Bc3+ Kf7 44. g4 Ne8 45. Kg3 Nc7 46. Bd2 Nd5 47.
Bh6 Nc3 48. Bc4 Nd5 49. Kf2 Bd1 50. Bd3 Nb4 51. Bb5 Nd5 52. Bf1 Kf6 53. Bg2 Ba4
54. Bf1 Bd1 55. Bd3 Ne7 56. Be4 Nd5 57. Bg5+ Kf7 58. Bc1 Kf6 59. Bb2+ Kf7 60.
Be5 Ke7 61. Bd4 Kf7 62. Ba1 Nf6 63. Bxf6 Kxf6 64. g5+ Kg7 65. Ke3 e5 66. Kd2 Ba4
67. Kc3 h6 68. Kb4 Bd1 69. Kc5 hxg5 70. hxg5 Bb3 71. Kd6 Bd1 72. Kxe5 Bb3 73.
Kd6 Bd1 74. Ke7 Bb3 75. f4 Ba2 76. f5 1/2-1/2

[Event "Gibraltar Masters 2020"]
[Site "Caleta ENG"]
[Date "2020.01.29"]
[Round "9.61"]
[White "Paehtz, Elisabeth"]
[Black "Tomilova, Elena"]
[Result "1-0"]
[WhiteTitle "IM"]
[BlackTitle "WGM"]
[WhiteElo "2467"]
[BlackElo "2372"]
[WhiteFideId "4641833"]
[BlackFideId "4162340"]
[EventDate "2020.01.21"]

1. e4 e5 2. Nf3 Nc6 3. Bb5 a6 4. Ba4 Nf6 5. Nc3 Bd6 6. d3 h6 7. a3 b5 8. Bb3 Na5
9. Ba2 c5 10. O-O Nc6 11. Nh4 Nd4 12. Ne2 Be7 13. Nxd4 cxd4 14. Nf5 g5 15. f4
gxf4 16. Bxf4 exf4 17. e5 Nh7 18. Qh5 Ng5 19. Bxf7+ Kf8 20. Bd5 d6 21. Nxe7 Qxe7
22. Rxf4+ Kg7 23. Bxa8 Qxe5 24. Qh4 Re8 25. Raf1 Be6 26. Be4 d5 27. Rf6 Nf7 28.
Rg6+ Kf8 29. Rxh6 Kg8 30. Rh5 Qg7 31. Bh7+ Kf8 32. Rg5 1-0

[Event "Gibraltar Masters 2020"]
[Site "Caleta ENG"]
[Date "2020.01.29"]
[Round "9.62"]
[White "Pigott, John C"]
[Black "Real De Azua, Ernesto"]
[Result "0-1"]
[WhiteTitle "IM"]
[BlackTitle "IM"]
[WhiteElo "2370"]
[BlackElo "2456"]
[WhiteFideId "400459"]
[BlackFideId "108154"]
[EventDate "2020.01.21"]

1. d4 Nf6 2. c4 c5 3. d5 g6 4. Nc3 Bg7 5. e4 d6 6. Nf3 O-O 7. h3 e6 8. Bd3 Na6
9. O-O Nc7 10. Re1 Re8 11. dxe6 Nxe6 12. Be3 Nd7 13. Bf1 Ne5 14. Nxe5 dxe5 15.
Nd5 Nd4 16. Bd3 Be6 17. Qd2 Qd6 18. Rab1 b6 19. b3 Rac8 20. Rf1 f5 21. f3 Rf8
22. Kh1 Rf7 23. Rbc1 f4 24. Bxd4 exd4 25. Rb1 Be5 26. b4 g5 27. a4 h5 28. a5
bxa5 29. bxc5 Rxc5 30. Rb5 Rxb5 31. cxb5 g4 32. Rc1 Bd7 33. Qf2 gxh3 34. gxh3
Rg7 35. Bc4 Kh7 36. Rg1 Rg3 37. Rxg3 fxg3 38. Qc2 Kg7 39. Qd2 Qg6 40. Bf1 a4 41.
Qb4 Qg5 42. Kg1 g2 0-1

[Event "Gibraltar Masters 2020"]
[Site "Caleta ENG"]
[Date "2020.01.29"]
[Round "9.63"]
[White "Mammadzada, Gunay"]
[Black "Beinoras, Mindaugas"]
[Result "0-1"]
[WhiteTitle "IM"]
[BlackTitle "IM"]
[WhiteElo "2455"]
[BlackElo "2355"]
[WhiteFideId "13403729"]
[BlackFideId "12802085"]
[EventDate "2020.01.21"]

1. d4 d5 2. c4 c6 3. Nf3 dxc4 4. Qc2 Nf6 5. Qxc4 Bf5 6. g3 Nbd7 7. Bg2 e6 8. O-O
h6 9. Nbd2 Be7 10. Qb3 Qb6 11. Nc4 Qxb3 12. axb3 Be4 13. Bf4 Nd5 14. Bd2 Nc7 15.
Rfe1 Nb5 16. e3 Bd5 17. Ra5 Be4 18. Ra4 c5 19. Ra5 a6 20. Bc3 f6 21. dxc5 Nxc5
22. Nd4 Nxc3 23. bxc3 Bxg2 24. Kxg2 Kf7 25. e4 Rac8 26. Nb6 Rc7 27. Re3 Rd8 28.
e5 f5 29. Nc4 Ne4 30. Ne2 Bc5 31. Rf3 b5 32. b4 Be7 33. Na3 Rc6 34. Nd4 Rxd4 35.
cxd4 Bxb4 36. Rxb5 axb5 37. Nxb5 Rb6 38. Nc7 Rb7 39. Na6 Be7 0-1

[Event "Gibraltar Masters 2020"]
[Site "Caleta ENG"]
[Date "2020.01.29"]
[Round "9.64"]
[White "Divya, Deshmukh"]
[Black "Kovacevic, Blazimir"]
[Result "0-1"]
[WhiteTitle "WIM"]
[BlackTitle "GM"]
[WhiteElo "2322"]
[BlackElo "2451"]
[WhiteFideId "35006916"]
[BlackFideId "14502712"]
[EventDate "2020.01.21"]

1. Nf3 e6 2. g3 b5 3. Bg2 Bb7 4. d3 d5 5. Nbd2 Nf6 6. O-O Be7 7. b3 O-O 8. Bb2
c5 9. c4 a6 10. Rc1 Nbd7 11. Qc2 Qb6 12. Qb1 Rac8 13. Qa1 d4 14. b4 e5 15. bxc5
Bxc5 16. cxb5 axb5 17. Nb3 Bd6 18. Bh3 Ra8 19. Nfd2 Bd5 20. Rc2 Qa7 21. Qc1 Nb6
22. Nxd4 exd4 23. Bxd4 Ba3 24. Qb1 Qa6 25. e4 Bb7 26. Bxf6 gxf6 27. Qd1 Bc8 28.
Bg2 Nd7 29. d4 Rd8 30. e5 Bb7 31. Qg4+ Kh8 32. Ne4 f5 33. Qxf5 Qg6 34. Qf4 Rac8
35. Rxc8 Rxc8 36. Ng5 Bxg2 37. Kxg2 Kg7 38. d5 Rc4 39. Qd2 Nxe5 40. Qe3 Bd6 41.
f3 Rc2+ 42. Kh1 Nc4 43. Qd4+ Be5 44. Qh4 Bf6 45. Qe4 Bxg5 46. d6 Qxe4 0-1

[Event "Gibraltar Masters 2020"]
[Site "Caleta ENG"]
[Date "2020.01.29"]
[Round "9.65"]
[White "Heinemann, Josefine"]
[Black "Bulmaga, Irina"]
[Result "1/2-1/2"]
[WhiteTitle "WGM"]
[BlackTitle "IM"]
[WhiteElo "2317"]
[BlackElo "2446"]
[WhiteFideId "12900460"]
[BlackFideId "13903063"]
[EventDate "2020.01.21"]

1. e4 c5 2. Nf3 d6 3. d4 cxd4 4. Nxd4 Nf6 5. Nc3 a6 6. f3 e5 7. Nb3 Be6 8. Be3
h5 9. Nd5 Bxd5 10. exd5 Nbd7 11. Qd2 g6 12. Na5 Qc7 13. c4 b6 14. Nc6 Nb8 15.
Nxb8 Rxb8 16. Be2 Bg7 17. O-O O-O 18. b4 Nd7 19. Rac1 f5 20. Rfd1 e4 21. f4 a5
22. a3 axb4 23. axb4 Ra8 24. g3 Ra3 25. Kg2 Rfa8 26. Rc2 Kh7 27. Rdc1 Qb7 28. c5
bxc5 29. bxc5 Nxc5 30. Bxc5 dxc5 31. Rxc5 Ra2 32. Qd1 Qb4 33. R5c2 Rxc2 34. Rxc2
Ra1 35. Rc1 Ra2 36. Rc2 Ra1 37. Rc1 Ra2 38. Rc2 Rxc2 39. Qxc2 h4 40. Qd1 Bd4 41.
Qc1 Bc5 42. Kh3 hxg3 43. hxg3 Kg7 44. Qa1+ Bd4 45. Qc1 Bc3 46. Qe3 Qa5 47. Qc1
Kf6 48. Qb1 Qxd5 49. Qb6+ Qe6 50. Qxe6+ Kxe6 51. Bc4+ Kd6 52. Kg2 Kc5 53. Bf7 e3
54. Kf3 Kd4 55. Ke2 g5 56. fxg5 Ke4 57. Bg6 Bd4 58. g4 Kf4 59. Bxf5 1/2-1/2